Population and development

Tallennettuna:
Bibliografiset tiedot
Aineistotyyppi: Kirja
Kieli:Undetermined
Julkaistu: Washington U.S. Information Agency 1974
Aiheet:
Tagit: Lisää tagi
Ei tageja, Lisää ensimmäinen tagi!
Thư viện lưu trữ: Trung tâm Học liệu Trường Đại học Cần Thơ
LEADER 00385nam a2200145Ia 4500
001 CTU_78808
008 210402s9999 xx 000 0 und d
082 |a 304.6 
082 |b P831 
245 0 |a Population and development 
260 |a Washington 
260 |b U.S. Information Agency 
260 |c 1974 
650 |a Population 
980 |a Trung tâm Học liệu Trường Đại học Cần Thơ